| 000 | 00542nam a2200181 a 4500 | ||
|---|---|---|---|
| 001 | 2623 | ||
| 003 | CDMR | ||
| 005 | 20130529121845.0 | ||
| 008 | 130130s1985||||||||||||||||||||||||||||d | ||
| 020 | _a8430911219 | ||
| 040 |
_aCDMR _bcat _cCDMR |
||
| 100 | 1 |
_aGil Calvo, Enrique _91963 |
|
| 245 | 1 | 4 |
_aLos depredadores audiovisuales _b: juventud urbana y cultura de masas _cEnrique Gil Calvo |
| 260 |
_c1985 _bTecnos _aMadrid |
||
| 650 | 0 | 4 |
_93478 _aCultura de massa |
| 650 | 0 | 4 |
_93542 _aMitjans de comunicació de massa _xInfluència |
| 942 |
_cMON _2udc |
||
| 999 |
_c2623 _d2623 |
||